000 00737nam a22001337a 4500
040 _cRUA
082 _aAGR ONG 2010 B046 Or.1
100 _aONG, SOCHEATH
245 _aSclerotium rolfsii disease management by flooding in greenhouse condition ឥទ្ធិពលនៃការពន្លិចទឹក ក្នុងការកម្ចាត់ផ្សិតក្លែរ៉ូទីញ៉ូម រុស្ស៊ី លើដំណាំសណ្តែកបាយនៅក្នុងលក្ខខណ្ដផ្ទះកញ្ខក់
260 _aPhnom Penh
_bRUA
_c2010
300 _axi, 55p.
_bill.
_c29cm.
856 _uhttps://drive.google.com/file/d/1JZa_cjvvDUEt1JExSMZ46JxJ1ipSNOWw/view?usp=sharing
942 _cAGR
999 _c1134
_d1134